Santo Tomás de Aquino: sus mejores páginas

Kaydedildi:
Detaylı Bibliyografya
Asıl Yazarlar: Sertillanges, A. D (Yazar), Boulanger, B (Yazar)
Materyal Türü: Kitap
Dil:İspanyolca
Baskı/Yayın Bilgisi: Buenos Aires Difusión 1944
Seri Bilgileri:Christus
Konular:
Etiketler: Etiketle
Etiket eklenmemiş, İlk siz ekleyin!

MARC

LEADER 00000nam a2200000 a 4500
001 UCS9553
003 CL-VaPUC
008 971121e19440000AG |||||||||||||||||spa|d
082 0 4 |a 189.4  |b SER  |2 21 
100 0 |a Sertillanges, A. D  |e author  |9 394726 
700 0 |a Boulanger, B  |e author  |9 394727 
245 1 0 |a Santo Tomás de Aquino: sus mejores páginas 
300 |a 233 p 
942 |c BK 
945 |d 19971121 00:00:00  |a jquezada 
260 |a Buenos Aires  |b Difusión  |c 1944 
600 0 |a Tomás de Aquino  |d 1220-1274  |c Santo  |9 255832 
650 0 |a Escolasticismo  |9 264998 
650 0 |a Teología   |9 258766 
650 0 |a Dios   |9 266622 
650 0 |a Cristología   |9 315091 
650 0 |a Eucaristía  |9 257336 
583 |a last modification  |c 20121002 11:05:52  |k Rodrigo Vera 
490 0 |a Christus 
999 |c 263336  |d 263334 
952 |0 0  |1 0  |4 0  |6 189_400000000000000_SER_1944  |7 0  |8 A  |9 292567  |a BIBTEO  |b BIBTEO  |d 2019-11-19  |i 3368041  |o 189.4 SER 1944  |p 3368041  |r 2025-01-17  |w 2019-11-19  |y BK  |k ICR